00753nam a22001937a 450000500170000001000150001702000260003203500140005803700090007208200150008110000270009624500540012326000590017727000800023630000210031694200290033799900190036695201740038520240926162628.0 aENG-141796 a9789357315692c499.00 aEN-125328 bDBAD a791.430954 aGanguly, Swayam972058 aChambers Book of Cinema Facts/cBy Swayam Ganguly aGurugrambHachelle Book Publishing India Pvt Ltdc2024 a4th & 5th Floor, Corporate Centre, Plot No. 94, Sector 44bGurugrame122003 a281p.c20cm.(pb) 2ddccENh791.430954mGAN c205951d205951 001040708NFICaAVbAVd2024-09-26eDelivery of Books Act Divisiong499.00l2m1o791.430954 GANpEN-125328r2026-02-28 00:00:00s2026-02-24t1v499.00w2024-09-26yEN